Boost to former mining areas (Record no. 69533)

MARC details
000 -LEADER
fixed length control field 01043cam a2200229 4500
001 - CONTROL NUMBER
control field WB3806-23
008 - FIXED-LENGTH DATA ELEMENTS--GENERAL INFORMATION
fixed length control field 020214n2002 000 0 eng u
035 ## - SYSTEM CONTROL NUMBER
System control number (Sirsi) u116730
245 ## - TITLE STATEMENT
Title Boost to former mining areas
260 ## - PUBLICATION, DISTRIBUTION, ETC.
Date of publication, distribution, etc. 2002
490 ## - SERIES STATEMENT
Series statement DTI Press Release
Volume/sequential designation (094) 13 February 2002, (5)
520 ## - SUMMARY, ETC.
Summary, etc. The Energy Minister is offering 14 of the 22 Petroleum and Development Licences in the 10th Onshore Licensing Round to companies concentrating on gas from coalmines. It is hoped the licences will bring jobs to former mining areas and contribute to the UK's energy supply and Kyoto targets. Maps showing the location of the new licences available at http://www.og.dti.org.uk. http://www.nds.coi.gov.uk/coi/coipress.nsf/567e3dc25f61661580256ae8003b4907/0a713f2e83ed1d6580256b5f005e89c4?OpenDocument
590 ## - LOCAL NOTE (RLIN)
Local note WB
650 ## - SUBJECT ADDED ENTRY--TOPICAL TERM
Topical term or geographic name entry element ONSHORE OIL
650 ## - SUBJECT ADDED ENTRY--TOPICAL TERM
Topical term or geographic name entry element ONSHORE GAS
650 ## - SUBJECT ADDED ENTRY--TOPICAL TERM
Topical term or geographic name entry element COAL MINING
650 ## - SUBJECT ADDED ENTRY--TOPICAL TERM
Topical term or geographic name entry element LICENCES
650 ## - SUBJECT ADDED ENTRY--TOPICAL TERM
Topical term or geographic name entry element ENERGY
9 (RLIN) 6237
650 ## - SUBJECT ADDED ENTRY--TOPICAL TERM
Topical term or geographic name entry element MINES GAS
690 ## - LOCAL SUBJECT ADDED ENTRY--TOPICAL TERM (OCLC, RLIN)
Topical term or geographic name as entry element MINING AND MINERALS
942 ## - ADDED ENTRY ELEMENTS (KOHA)
Suppress in OPAC 0
Holdings
Withdrawn status Lost status Source of classification or shelving scheme Damaged status Not for loan Home library Current library Shelving location Date acquired Total Checkouts Full call number Barcode Date last seen Copy number Price effective from Koha item type
    Dewey Decimal Classification     London London News article 14/02/2002   WB3806-23 116730-1001 06/08/2019 1 06/08/2019 News article